000 00573nam a22001097a 4500
040 _cRUA
082 _aLMA DOR 2024 B1-398 Or.1
245 _aសិក្សាអំពីការអនុវត្តផែនការប្រើប្រាស់ដីនៅ ឃុំតាំងស្យា ស្រុកភ្នំស្រួច ខេត្តកំពង់ស្ពឺ STUDY ON THE IMPLEMENTATION OF LAND USE PLAN IN TAING SYA COMMUNE, PHNOM SROUCH DISTRICT, KAMPONG SPEU PROVINCE
260 _aRUA
_bPHNOM PENH
_c2024
300 _aix
_bill
_c29cm
942 _cLMA
999 _c24908
_d24908